Statistics for 世界国家 Countries of the World in Chinese

Click here to take the quiz!

General Stats

  • This quiz has been taken 6 372 times
    (6 367 since last reset)
  • The average score is 93 of 196

Answers on the Map

Answers color-coded by a green-red scale on the quiz's map according to % correct below.
 

Answer Stats

Pinyin% Correct
zhongguo中国
92%
meiguo美国
90%
riben日本
87%
faguo法国
86%
jiana加纳
85%
yingguo英国
85%
deguo德国
84%
hanguo韩国
84%
eguo俄罗斯
84%
jianada加拿大
84%
yindu印度
83%
yidali意大利
81%
xibanya西班牙
80%
moxige墨西哥
78%
taiguo泰国
78%
menggu蒙古
78%
aodaliya澳大利亚
78%
yuenan越南
77%
baxi巴西
77%
chaoxian朝鲜
76%
putaoya葡萄牙
73%
taiwan台湾
73%
yindunixiya印度尼西亚
73%
malaixiya马来西亚
72%
ruidian瑞典
72%
miandian缅甸
72%
aiji埃及
71%
nuowei挪威
71%
fenlan芬兰
71%
laowo老挝
71%
bingdao冰岛
71%
nanfei南非
71%
bajisitan巴基斯坦
70%
wukelan乌克兰
70%
tuerqi土耳其
70%
xinxilan新西兰
70%
aierlan爱尔兰
70%
bolan波兰
69%
agenting阿根廷
69%
ruishi瑞士
69%
hasakesitan哈萨克斯坦
68%
xila希腊
67%
zhili智利
67%
yilang伊朗
67%
niboer尼泊尔
67%
feilvbin菲律宾
66%
danmai丹麦
66%
helan荷兰
65%
jianpuzhai柬埔寨
64%
budan不丹
64%
shatealabo沙特阿拉伯
64%
baieluosi白俄罗斯
64%
yiselie以色列
63%
jierjisisitan吉尔吉斯斯坦
63%
afuhan阿富汗
63%
yemen也门
62%
yilake伊拉克
62%
guba古巴
62%
madajiasijia马达加斯加
61%
gangguo刚果共和国
60%
bilishi比利时
60%
aodili奥地利
60%
tajikesitan塔吉克斯坦
59%
sililanka斯里兰卡
59%
mengjialaguo孟加拉国
58%
jieke捷克共和国
58%
banama巴拿马
56%
xinjiapo新加坡
55%
moluoge摩洛哥
55%
xuliya叙利亚
55%
saierweiya塞尔维亚
54%
litaowan立陶宛
54%
bilu秘鲁
54%
siluofake斯洛伐克
53%
sudan苏丹
53%
wuzibiekesitan乌兹别克斯坦
53%
heishan黑山共和国
53%
libiya利比亚
53%
xiongyali匈牙利
52%
suomali索马里
52%
aerjiliya阿尔及利亚
52%
kataer卡塔尔
52%
wulagui乌拉圭
51%
gelunbiya哥伦比亚
51%
aishaniya爱沙尼亚
51%
tukumansitan土库曼斯坦
51%
luomaniya罗马尼亚
51%
alabolianheqiuzhangguo阿拉伯联合酋长国
50%
haidi海地
50%
aman阿曼
50%
aisaiebiya埃塞俄比亚
50%
fandigang梵蒂冈
49%
boliweiya玻利维亚
48%
balagui巴拉圭
48%
asaibaijiang阿塞拜疆
48%
baojialiya保加利亚
48%
latuoweiya拉脱维亚
47%
keluodiya克罗地亚
47%
gangguominzhu刚果民主共和国
47%
babuyaxinjineiya巴布亚新几内亚
46%
nansudan南苏丹
46%
gelujiya格鲁吉亚
46%
weineiruila委内瑞拉
45%
zhongfei中非共和国
45%
yameiniya亚美尼亚
45%
yuedan约旦
45%
lusenbao卢森堡
44%
bosiniya波斯尼亚和黑塞哥维那
44%
tunisi突尼斯
43%
niriliya尼日利亚
43%
aerbaniya阿尔巴尼亚
43%
wenlai文莱
42%
guiyana圭亚那
42%
libanen黎巴嫩
42%
keweite科威特
42%
mali马里
41%
saipulusi塞浦路斯
41%
jineiya几内亚
40%
beimaqidun北马其顿
40%
chidaojineiya赤道几内亚
39%
siluowenniya斯洛文尼亚
39%
dongdiwen东帝汶
39%
maerdaifu马尔代夫
38%
tansangniya坦桑尼亚
37%
weidimala危地马拉
37%
moerduowa摩尔多瓦
36%
monage摩纳哥
36%
eguaduoer厄瓜多尔
35%
balin巴林
35%
hongdulasi洪都拉斯
35%
namibiya纳米比亚
34%
sulinan苏里南
34%
zhade乍得
34%
kenniya肯尼亚
34%
nirier尼日尔
33%
feiji斐济
33%
kesuowo科索沃
33%
angela安哥拉
33%
maerta马耳他
33%
jinbabuwei津巴布韦
32%
naolu瑙鲁
32%
yamaijia牙买加
32%
gesidalijia哥斯达黎加
31%
zanbiya赞比亚
31%
mosangbike莫桑比克
31%
andaoer安道尔
31%
duominijia多米尼加共和国
31%
liezhidunshideng列支敦士登
31%
gangbiya冈比亚
30%
shengmalinuo圣马力诺
30%
beining贝宁
30%
libiliya利比里亚
29%
bahama巴哈马
28%
wuganda乌干达
28%
eliteliya厄立特里亚
27%
saineijiaer塞内加尔
27%
laisuotuo莱索托
27%
duoge多哥
27%
maolitaniya毛里塔尼亚
26%
siweishilan斯威士兰
26%
nijialagua尼加拉瓜
26%
kamailong喀麦隆
26%
jibuti吉布提
26%
luwangda卢旺达
26%
bujinafasuo布基纳法索
25%
bociwana博茨瓦纳
25%
ketediwa科特迪瓦
24%
jiapeng加蓬
24%
maoliqiusi毛里求斯
24%
bolizi伯利兹
23%
tangjia汤加
23%
jineiyabishao几内亚比绍
22%
malawei马拉维
22%
suoluomenqundao所罗门群岛
21%
saerwaduo萨尔瓦多
20%
fodejiao佛得角
20%
mikeluonixiya密克罗尼西亚
20%
palao帕劳
19%
bulongdi布隆迪
19%
saisheer塞舌尔
19%
sailaliang塞拉利昂
18%
shengduomei圣多美和普林西比
17%
jilibasi基里巴斯
17%
babaduosi巴巴多斯
17%
tuwalu图瓦卢
16%
telinida特立尼达和多巴哥
16%
duominike多米尼克
16%
mashaoerqundao马绍尔群岛
15%
samoya萨摩亚
13%
antigua安提瓜和巴布达
13%
wanuatu瓦努阿图
13%
kemoluo科摩罗
13%
shengwensente圣文森特和格林纳丁斯
12%
gelinnada格林纳达
12%
shengluxiya圣卢西亚
10%
shengjici圣基茨和尼维斯
10%

Score Distribution

Percentile by Number Answered

Percent of People with Each Score

Your Score History

You have not taken this quiz since the last reset